|
|
|
|
| LEADER |
00000nas a2200000 i 4500 |
| 001 |
ssj0001077962 |
| 003 |
WaSeSS |
| 005 |
20200512172242.0 |
| 006 |
m d |
| 007 |
cr n |
| 008 |
140106c20uu9999tu f| p|s|||||| |0tur d |
| 035 |
|
|
|a (WaSeSS)ssj0001077962
|
| 040 |
|
|
|a WaSeSS
|b eng
|c WaSeSS
|d WaSeSS
|
| 050 |
1 |
4 |
|a HB9
|
| 245 |
0 |
0 |
|a Sosyoekonomi
|h [electronic resource].
|
| 260 |
|
|
|a Ankara, Turkey :
|b Hacettepe University, Center for Market Economics and Entrepreneurship
|
| 310 |
|
|
|a Semiannual
|
| 506 |
|
|
|a License restrictions may limit access.
|
| 588 |
|
|
|a Description based on: (1) 2005; title from title screen (ProQuest, viewed Jan. 6, 2014).
|
| 588 |
|
|
|a Latest issue consulted: (2) (July/December 2013) (viewed Jan. 6, 2014).
|
| 650 |
|
0 |
|a Economics
|v Periodicals.
|
| 650 |
|
0 |
|a Economic development
|v Periodicals.
|
| 650 |
|
0 |
|a Finance, Public
|v Periodicals.
|
| 655 |
|
0 |
|a Electronic journals.
|
| 776 |
0 |
8 |
|i Print version:
|t Sosyoekonomi
|x 1305-5577
|
| 856 |
4 |
0 |
|z Full text available from Research Library: 01/01/2005 to present
|u https://search.proquest.com/publication/55015
|